|
|
|
|
| LEADER |
00689nam a2200193 c 4500 |
| 003 |
GR-PaULI |
| 005 |
20240625125024.0 |
| 008 |
240625t2016 gr ||||g |||| 00| 0 gre d |
| 020 |
|
|
|a 9789605279622
|
| 040 |
|
|
|a GR-PaULI
|b gre
|c GR-PaULI
|d GR-AiPI
|e AACR2
|
| 082 |
0 |
4 |
|a 320.01
|2 23
|
| 100 |
1 |
|
|9 34316
|a Ράμφος, Στέλιος,
|d 1939-
|e συγγραφέας
|
| 245 |
1 |
0 |
|a Πολιτική από στόμα σε στόμα /
|c Στέλιου Ράμφου.
|
| 260 |
|
|
|a Αθήνα :
|b Αρμός,
|c c2016.
|
| 300 |
|
|
|a 282 σ. ;
|c 17 εκ.
|
| 650 |
|
4 |
|9 688
|a Πολιτική επιστήμη
|x Φιλοσοφία
|
| 942 |
|
|
|2 ddc
|c BKD
|
| 998 |
|
|
|c ΛΟΥΚΟΠΟΥΛΟΥ
|d 2024-06
|
| 999 |
|
|
|c 221654
|d 221654
|